レソトの県都 - Statistics

General Stats
  • This quiz has been taken 18 times
  • The average score is 7 of 10
Answer Stats
県名 県都 % Correct
マセル県 マセル
100%
ブータ・ブーテ県 ブータ・ブーテ
83%
マフェテング県 マフェテング
83%
モハレス・フーク県 モハレス・フーク
83%
モコトロング県 モコトロング
83%
クァクハスネック県 クァクハスネック
83%
クティング県 クティング
83%
ターバ・ツェーカ県 ターバ・ツェーカ
83%
べレア県 テヤテヤネング
25%
レリベ県 フロツェ
17%
No matching quizzes found
Score Distribution
Percent of People with Each Score
Percentile by Number Answered
Your Score History
You have not taken this quiz